000 01175cam a2200289 4500
001 ABS65324
008 020426n2002 000 0 eng u
035 _a(Sirsi) u117717
245 _aBuilding regulations supplement
260 _c2002
490 _aHouseBuilder
_vSupplement April 2002, (24) (LOAN)
520 _aSupplement looking at changes to the Building Regulations and their implications. Provides an overview of the Building Regulation amendments that have already come into force, including those that came into force on 1 April 2002,and looks at other changes in the pipeline. Discusses in detail Part L and Part E and looks at insulation options and brick and block construction. Concludes with a roundup of all the regulations and a selection of related products.
590 _aABS
650 _aBUILDING REGULATIONS
_96224
650 _aPART L
650 _aPART A
650 _aPART B
650 _aPART C
650 _aPART F
650 _aPART E
650 _aTHERMAL INSULATION
650 _aPART H
650 _aPART J
650 _aBRICK AND BLOCK CONSTRUCTION
690 _aBUILT ENVIRONMENT-BUILDING STANDARDS
942 _n0
999 _c70101
_d70101